[Event "RSA-ch U10 Girls"]
[Site "Gauteng"]
[Date "2017.04.11"]
[Round "11"]
[White "Ras, Marise Edua"]
[Black "Van der Walt, Lize"]
[Result "0-1"]
[WhiteElo "738"]
[BlackElo "710"]
[PlyCount "66"]
[EventDate "2017.04.05"]
[EventType "swiss"]
[EventRounds "11"]
[EventCountry "RSA"]
[SourceTitle "CBM 177 Extra"]
[Source "ChessBase"]
[SourceDate "2017.04.27"]
[SourceVersion "1"]
[SourceVersionDate "2017.04.27"]
[SourceQuality "1"]

1. d4 d5 2. Bf4 Bf5 3. e3 e6 4. Nd2 Nf6 5. h3 Be7 6. c3 Nbd7 7. Be2 c5 8. Ngf3 cxd4 9. cxd4 0-0 10. 0-0 Bb4 11. a3 Ba5 12. b4 Bb6 13. Bh2 Ne4 14. Nxe4 Bxe4 15. Ne1 Qf6 16. f4 Qh4 17. Nf3 Qf6 18. Ng5 Bf5 19. Bd3 Bxd3 20. Qxd3 g6 21. Qd1 h6 22. Nf3 Qf5 23. Nh4 Qe4 24. f5 Qxe3+ 25. Kh1 Bxd4 26. fxe6 Bxa1 27. exf7+ Rxf7 28. Qxa1 Rxf1+ 29. Qxf1 Qg5 30. g3 Rf8 31. Nf3 Qf5 32. Qe2 Qxf3+ 33. Qxf3 Rxf3 0-1

[Event "RSA-ch U10 Girls"]
[Site "Gauteng"]
[Date "2017.04.10"]
[Round "10"]
[White "Van der Walt, Lize"]
[Black "Boshoma, Chisomo"]
[Result "0-1"]
[WhiteElo "710"]
[BlackElo "564"]
[PlyCount "33"]
[EventDate "2017.04.05"]
[EventType "swiss"]
[EventRounds "11"]
[EventCountry "RSA"]
[SourceTitle "CBM 177 Extra"]
[Source "ChessBase"]
[SourceDate "2017.04.27"]
[SourceVersion "1"]
[SourceVersionDate "2017.04.27"]
[SourceQuality "1"]

1. e4 e5 2. Nf3 Nc6 3. Bc4 Nf6 4. Nc3 Bc5 5. d3 d6 6. Bg5 Bg4 7. h3 Bd7 8. 0-0 0-0 9. Nh4 h6 10. Bd2 Kh7 11. a3 Ng8 12. Bb5 Qxh4 13. Qf3 f5 14. Qe2 f4 15. Qf3 a6 16. Ba4 Nf6 17. Nd5 0-1

[Event "RSA-ch U10 Girls"]
[Site "Gauteng"]
[Date "2017.04.08"]
[Round "7"]
[White "Nunnan, Yanti"]
[Black "Van der Walt, Lize"]
[Result "1/2-1/2"]
[WhiteElo "861"]
[BlackElo "710"]
[PlyCount "38"]
[EventDate "2017.04.05"]
[EventType "swiss"]
[EventRounds "11"]
[EventCountry "RSA"]
[SourceTitle "CBM 177 Extra"]
[Source "ChessBase"]
[SourceDate "2017.04.27"]
[SourceVersion "1"]
[SourceVersionDate "2017.04.27"]
[SourceQuality "1"]

1. e4 e5 2. Nf3 Nc6 3. Nc3 Nf6 4. Bb5 Bb4 5. 0-0 0-0 6. d3 d6 7. Ne2 h6 8. c3 Ba5 9. Ng3 Bd7 10. h3 Qe7 11. Be3 a6 12. Ba4 b5 13. Bb3 Be6 14. Bxe6 Qxe6 15. d4 exd4 16. cxd4 Nxd4 17. e5 Ne4 18. Nxe4 dxe5 19. Nfd2 Qg6 1/2-1/2

[Event "RSA-ch U08 Girls"]
[Site "Bloemfontein"]
[Date "2016.03.22"]
[Round "4"]
[White "Van der Walt, Lize"]
[Black "Breytenbach, Anja"]
[Result "1-0"]
[WhiteElo "591"]
[BlackElo "367"]
[PlyCount "33"]
[EventDate "2016.03.20"]
[EventType "swiss"]
[EventRounds "11"]
[EventCountry "RSA"]
[SourceTitle "CBM 171 Extra"]
[Source "ChessBase"]
[SourceDate "2016.04.26"]
[SourceVersion "1"]
[SourceVersionDate "2016.04.26"]
[SourceQuality "1"]

1. e4 c6 2. Nf3 d5 3. Nc3 dxe4 4. Nxe4 Bf5 5. Nc3 e6 6. Bc4 Be7 7. h3 Nf6 8. 0-0 Nbd7 9. d3 0-0 10. Bf4 e5 11. Bh2 e4 12. dxe4 Bg6 13. e5 Nxe5 14. Nxe5 Bh5 15. Qe1 Qd6 16. Rd1 Qxe5 17. Ne2 1-0

[Event "RSA-ch U08 Girls"]
[Site "Bloemfontein"]
[Date "2016.03.21"]
[Round "2"]
[White "Malan, Jane"]
[Black "Van der Walt, Lize"]
[Result "1-0"]
[WhiteElo "440"]
[BlackElo "591"]
[PlyCount "38"]
[EventDate "2016.03.20"]
[EventType "swiss"]
[EventRounds "11"]
[EventCountry "RSA"]
[SourceTitle "CBM 171 Extra"]
[Source "ChessBase"]
[SourceDate "2016.04.26"]
[SourceVersion "1"]
[SourceVersionDate "2016.04.26"]
[SourceQuality "1"]

1. e4 e5 2. Nc3 Nf6 3. g3 Nc6 4. Bg2 Bc5 5. Nf3 d6 6. 0-0 Bg4 7. h3 Bh5 8. Nd5 h6 9. Nxf6+ Qxf6 10. d3 0-0 11. Bd2 Bd4 12. Kh1 Be3 13. fxe3 a5 14. d4 exd4 15. g4 Bg6 16. a4 Bxe4 17. Ra3 Ra6 18. Rb3 Ra7 19. c3 Bd5 1-0

[Event "RSA-ch U08 Girls"]
[Site "Waterkloof"]
[Date "2015.04.04"]
[Round "2"]
[White "Van der Walt, Lize"]
[Black "Saunderson, Ane"]
[Result "1-0"]
[WhiteElo "394"]
[BlackElo "591"]
[PlyCount "35"]
[EventDate "2015.04.04"]
[EventType "swiss"]
[EventRounds "9"]
[EventCountry "RSA"]
[SourceTitle "CBM 166 Extra"]
[Source "ChessBase"]
[SourceDate "2015.06.18"]
[SourceVersion "1"]
[SourceVersionDate "2015.06.18"]
[SourceQuality "1"]

1. e4 d6 2. h3 Nf6 3. Nc3 c6 4. Nf3 Qc7 5. d3 Nbd7 6. Bg5 h6 7. Bh4 e6 8. Be2 Be7 9. 0-0 Nf8 10. Qd2 Ng6 11. Bg3 Bd7 12. Na4 Qc8 13. Qd1 e5 14. Nc3 Bxh3 15. Qd2 Bxg2 16. Kxg2 Nh4+ 17. Bxh4 Nxe4 18. Nxe4 1-0